000 00883nam a2200265 a 4500
001 57577
003 BD-RjUL
005 20211209080530.0
008 101216s2005 at a b 001 0 eng
020 _a0195517563
035 _a(BD-RjUL) 57701
040 _aDLC
_cDLC
_dDLC
_dBD-RjUL
_beng
041 _aeng
082 0 0 _a302.23
_223
_bOSM 2005
100 1 _aO'Shaughnessy, Michael,
_d1951-
_9170962
245 1 0 _aMedia and society :
_ban introduction /
_cMichael O'Shaughnessy and Jane Stadler.
250 _a3rd ed.
260 _aSouth Melbourne, Vic. ;
_aNew York :
_bOxford University Press,
_cc2005.
300 _axviii, 494 p. :
_bill. ;
_c26 cm.
504 _aIncludes bibliographical references (p. 470-484) and index.
650 0 _aMass media
_xSocial aspects.
_9170795
650 0 _aMass media and culture.
_9170963
700 1 _aStadler, Jane.
_9170964
942 _2ddc
_cBK
999 _c57577
_d57577